The class structure of the advanced societies /

Gespeichert in:
Bibliographische Detailangaben
1. Verfasser: Giddens, Anthony
Format: Buch
Sprache:Englisch
Veröffentlicht: New York : Harper & Row, 1975, c1973.
Schriftenreihe:Harper torchbooks ; TB 1845
Schlagworte:
Tags: Tag hinzufügen
Keine Tags, Fügen Sie das erste Tag hinzu!

MARC

LEADER 00000cam a2200000 i 4500
001 0000026152
005 20171002015927.0
008 750423c19751973nyu b 00110 eng
010 |a  74007825 //r82 
020 |a 0061318450 :  |c $4.75 
035 |a  74007825 //r82 
040 |a Daystar  |d BNjogu 
050 1 0 |a HT609  |b .G47 1975  |a HT609  |b .G47 
082 0 |a 305.5  |2 19 
100 1 0 |a Giddens, Anthony. 
245 1 4 |a The class structure of the advanced societies /  |c Anthony Giddens. 
260 0 |a New York :  |b Harper & Row,  |c 1975, c1973. 
300 |a 336 p. ;  |c 21 cm. 
490 0 |a Harper torchbooks ; TB 1845 
500 |a Includes index. 
504 |a Bibliography: p. [317]-324. 
650 0 |a Social classes. 
908 |a 060703 
942 |c G 
952 |0 0  |1 0  |4 0  |6 HT_609_000000000000000_G47  |7 0  |9 22223  |a DUA  |b DUA  |c GC  |d 2017-09-28  |l 0  |o HT609.G47  |p BK013815  |r 2017-09-28 00:00:00  |t c.  |w 2017-09-28  |x 46001  |y G 
999 |c 14005  |d 14005